00814nam a2200241 i 4500001000300000003000400003005001700007008004100024015001600065020001500081040001400096041000800110080000800118080001600126245009200142260005800234300002800292655005000320650001300370710004900383700004200432856009800474bgBPK20220627114933.0031114s2003 pl a ||||000 0 pol  aPB 2004/131 a8371435746 aWA NcBPK0 apol a330 a(075.8+076)00aWybrane problemy ekonomii :bćwiczenia z zadaniami /cpod red. Eulalii Skawińskiej. aPoznań :bWydaw. Politechniki Poznańskiej,c2003. a177 s. :bil. ;c24 cm. 4aĆwiczenia i zadania dla szkół wyższych 4aEkonomia2 aPolitechnika Poznańska.bWydawnictwo4pbl.1 aSkawińska, Eulaliad(1943- )eAutor uhttp://koha.tu.koszalin.pl/cgi-bin/koha/opac-detail.pl?biblionumber=43641yKatalog online BPK